От имени пролетариата: историография истории большевистской думской тактики в 1905-1907 гг.

Λεπτομέρειες βιβλιογραφικής εγγραφής
Κύριος συγγραφέας: Циунчук Р. А.
Γλώσσα:Ρωσικά
Έκδοση: Казань, Изд-во Казан. ун-та, 1989
Θέματα:
Μορφή: Βιβλίο
KOHA link:https://koha.lib.tpu.ru/cgi-bin/koha/opac-detail.pl?biblionumber=374738

MARC

LEADER 00000nam0a2200000 4500
001 374738
005 20260128172641.0
010 |a 5746402141 
035 |a (RuTPU)RU\TPU\retro\32172 
035 |a RU\TPU\book\226327 
090 |a 374738 
100 |a 20221219d1989 m y0rusy5003 ca 
101 0 |a rus 
102 |a RU 
105 |a y z 001zy 
200 1 |a От имени пролетариата: историография истории большевистской думской тактики в 1905-1907 гг.  |f Р. А. Циунчук 
210 |a Казань  |c Изд-во Казан. ун-та  |d 1989 
215 |a 125 с.  |d 20 см 
320 |a Библиогр. в примеч. в конце глав. 
320 |a Указ. имен: с. 117-124. 
606 |a Первая русская революция 1905-1907  |9 82038 
610 1 |a КПСС 
610 0 |a большевики 
610 1 |a пролетариат 
610 1 |a Россия 
610 1 |a история 
610 1 |a думская тактика 
686 |a Т3(2)532  |2 rubbk 
700 1 |a Циунчук  |b Р. А.  |4 070 
801 0 |a RU  |b RuMRKP  |c 19950417  |g psbo 
801 1 |a RU  |b 63413507  |c 20120125 
801 2 |a RU  |b 63413507  |c 20221219  |g RCR 
942 |c BK